Inheritance Games Fathers - Statistics

General Stats
  • This quiz has been taken 62 times
  • The average score is 6 of 9
Answer Stats
Hint Answer % Correct
Evelyn Shane Tobias Hawthorn II
96%
Sky Hawthorn Tobias Hawthorn
94%
Grayson Hawthorn Sheffield Grayson
85%
Nash Hawthorn Jake Nash
73%
Avery Grambs Ricky Grambs
71%
Jameson Hawthorn Ian Johnstone-Jameson
67%
Xander Hawthorn Isaiah Alexander
60%
William Blake Vincent Blake
50%
Tobias Hawthorn II William Blake
48%
No matching quizzes found
Score Distribution
Percent of People with Each Score
Percentile by Number Answered
Your Score History
You have not taken this quiz